[Event "EU-ch 12th"]
[Site "Aix les Bains"]
[Date "2011.03.23"]
[Round "2"]
[White "Motylev, Alexander"]
[Black "Shimanov, Aleksandr"]
[Result "1-0"]
[WhiteElo "2677"]
[BlackElo "2550"]
[Annotator "Motylev,A"]
[PlyCount "103"]
[EventDate "2011.03.22"]
[EventType "swiss"]
[EventRounds "11"]
[EventCountry "FRA"]
[SourceTitle "CBM 142 Extra"]
[Source "ChessBase"]
[SourceDate "2011.06.27"]
[SourceVersion "1"]
[SourceVersionDate "2011.06.27"]
[SourceQuality "1"]

1. e4 c5 2. Nf3 e6 3. d4 cxd4 4. Nxd4 Nc6 5. Nc3 Qc7 6. Be3 Nf6 {Quite a
fashionable line. Black is refraining from playing ...a6.} 7. f4 Bb4 8. Ndb5
Qa5 9. e5 Nd5 10. Bd2 Nxc3 11. Bxc3 O-O 12. Qd2 Bxc3 13. Nxc3 f6 14. exf6 Rxf6
15. O-O-O d5 16. g3 $5 {Novelty.} ({Before White used to play} 16. Kb1 Bd7 17.
g3 Be8) 16... Bd7 ({The most principal continuation is} 16... d4 $5 17. Ne4
Qxa2 18. Nxf6+ gxf6 19. Qd3 {with an unclear play.}) 17. Ne4 $1 Rh6 $5 {
Played after a long period of thought.} ({In the event of} 17... Qxa2 $5 18.
Nxf6+ gxf6 19. Qc3 Rc8 20. Qa3 Qxa3 21. bxa3 Na5 22. Kb2 {White has a slight
plus.}) ({Worse is} 17... Qxd2+ 18. Rxd2 {with a comfortable advantage.}) 18.
Qxa5 Nxa5 19. Nf2 $5 {Here I also spent some minutes trying to find the best
place for the knight.} (19. h4 Rd8 20. Ng5 Rf6 21. Bd3 h6 22. Nf3 Be8 $14)
19... Rf6 $5 {Otherwise the rook would look quite strange on h5.} (19... Nc6
20. Ng4 Rh5 21. Bb5 $14 (21. Bd3 $5)) 20. Ng4 Rff8 21. Ne5 Rad8 22. Bh3 Bc8 ({
In the event of} 22... Rf6 $5 {White will play the same way} 23. Rhe1 Rh6 $140
$6 24. Bg4) 23. Rhe1 Rf6 24. Bg4 $16 {White has got a very good endgame.} Nc6
25. c4 $5 ({A different plan was} 25. Nxc6 bxc6 26. Rd3 {also with a strong
pressure.}) 25... Ne7 26. b3 {Played "by hand".} ({White has a lot of
possibilites. Perhaps the best is} 26. Re3 $1 Rff8 27. c5 {and the rook will
find work on the 3rd rank.}) 26... Rff8 27. cxd5 ({At first I was going to play
} 27. Kb2 {but after some thinking I had doubts if I would be able to win the
position after} dxc4 28. Nxc4 Nf5 {. Now I think that it was a much better
choice than my decision.}) 27... exd5 28. Bf3 Rd6 $6 {Right idea but wrong
execution.} (28... Rf6 $142 $1 {and Black will get the desired defensive
construction:} 29. Rd2 Rfd6 30. Kb2 Kf8 $14) 29. Nc4 $1 {White uses his chance
to improve the knight's placement.} Re6 (29... Rd7 30. Nd6 $1) 30. Nd6 $1 (30.
Rxe6 $6 Bxe6 31. Nd6 b6 32. Re1 Rf6 {is less promising.}) 30... b6 (30... Rxd6
$6 31. Rxe7 Rfd8 32. Kb2 $16 (32. Rxd5 Rxd5 33. Bxd5+ Rxd5 34. Re8+ Kf7 35.
Rxc8 $16)) 31. Kb2 $1 (31. Rxe6 $6 Bxe6 32. Re1 Rf6 33. Nb5 Kf8 34. Nxa7 Bd7 {
was not so clear.}) 31... Rxd6 32. Rxe7 d4 {The game now went into the phase
of zeitnot, and it brings a lot of inaccuracies.} 33. Rxa7 {I couldn't resist
taking the pawn.} ({Much stronger was the cold-blooded} 33. Be2 $1 a5 34. Rc1 {
and Black doesn't have even a shade of counterplay} Rfd8 (34... Rh6 35. h4 Rg6
36. Bc4+ Kh8 37. Rce1) 35. Rcc7 Bd7 36. Bc4+ Kh8 37. Kc2) 33... g5 $1 {Now
White still has a lot of work.} 34. Be4 $6 ({Better was} 34. Rc1 $1 gxf4 (34...
Rh6 35. h4 $1 {- this move I missed}) 35. Rcc7 Bf5 36. g4 Bg6 37. Rg7+ Kh8 38.
h4 h5 39. gxh5 Bf5 $16) 34... gxf4 $6 (34... Bf5 $142 35. Bxf5 (35. Re7 gxf4
36. gxf4 Bg6 $1 37. Bxg6 hxg6 38. Re4 Rfd8 $14) 35... Rxf5 36. fxg5 Rf2+ 37.
Ka3 Rxh2 38. Rd3 Rh5 39. g6 hxg6 40. Kb4 $14) 35. Bxh7+ Kh8 36. gxf4 Rxf4 37.
Rd2 $2 {Unnecessary prophylaxis.} ({After} 37. Bd3 $1 {White was almost winning
} Rf2+ 38. Ka3 Rxh2 $2 39. Ra8) 37... Bd7 (37... Rd7 $5 38. Ra8 (38. Rxd7 Bxd7
39. Bd3 Kg7 40. Ka3 Kf6 41. Kb4 Ke5 42. Re2+ Kd6 $14) 38... Kxh7 39. Rxc8 $16)
38. Bd3 Kg8 39. Ra8+ $2 {White misses a forced win.} (39. Rg2+ $1 Kf8 40. Bc4
$1 d3 (40... Bg4 41. h3 $1) 41. Rg8+ Ke7 42. Rg7+ Kd8 43. Bb5 $1) 39... Kf7 40.
Rh8 Ke7 $6 (40... Bf5 $5 41. Bxf5 Rxf5 42. Rh4 Rfd5 {and it's not clear if the
endgame is winning for White.}) 41. Ka3 $6 (41. Rh7+ $1 Kf8 (41... Kd8 42. h4)
42. a4) 41... Re6 (41... Bf5 $5) 42. Kb4 Kd6 43. h4 $1 {Run, pawn, run!} Be8
44. h5 Rh4 45. Bc4 $1 Re5 46. h6 Bg6 47. Rxd4+ $5 {Not the only but a precise
way to win.} Rxd4 48. Rd8+ Ke7 (48... Kc7 49. Rxd4 Rh5 50. Rf4 $1 Rxh6 51. Rf6)
49. Rxd4 Rh5 50. Rd5 $1 Rxh6 51. Re5+ Kd7 52. Re6 $1 (52. Re6 b5 53. Kxb5 Rh5+
54. Kb6 Bf7 55. Rc6 $18) 1-0

[Event "EU-Cup 20th"]
[Site "Izmir"]
[Date "2004.10.05"]
[Round "3.5"]
[White "Motylev, Alexander"]
[Black "Movsesian, Sergei"]
[Result "1/2-1/2"]
[WhiteElo "2651"]
[BlackElo "2629"]
[Annotator "Movsesian,S"]
[PlyCount "69"]
[EventDate "2004.10.03"]
[EventType "team-swiss"]
[EventRounds "7"]
[EventCountry "TUR"]
[SourceTitle "CBM 104"]
[Source "ChessBase"]
[SourceDate "2005.01.27"]
[SourceVersion "1"]
[SourceVersionDate "2005.01.27"]
[SourceQuality "1"]
[WhiteTeam "Ekaterinburg Max Ven"]
[BlackTeam "Sarajevo Bosna"]
[WhiteTeamCountry "RUS"]
[BlackTeamCountry "BIH"]

1. e4 c5 2. Nf3 Nc6 3. d4 cxd4 4. Nxd4 Qc7 5. Nc3 e6 6. Be3 a6 7. Qd2 Nf6 8.
O-O-O Bb4 9. f3 Ne5 10. Nb3 b5 11. Qe1 {'!?' This interesting idea was
introduced by Viorel Iordachescu and caused many problems to black in this
popular line.} Nc4 12. Bd4 O-O 13. e5 Bxc3 14. Bxc3 Nd5 15. Bd4 a5 {'N!?'} ({
Black had no counterplay after} 15... Bb7 16. Kb1 Rac8 17. Bd3 f6 18. Qh4 f5
19. Rhe1 $16 {Iordachescu-Goloshchapov, SCG (chT) 2003}) ({or} 15... d6 16.
exd6 Qxd6 17. Kb1 Rd8 18. Bd3 Bb7 19. Bxc4 bxc4 20. Na5 $16 {Azarov-Teterev,
Belarus (ch) 2004}) 16. Nc5 (16. Nd2 $5 a4 (16... Nxd2 $5 17. Qxd2 b4 $13) 17.
a3 Nxd2 18. Qxd2 Rb8 19. Kb1 d6 $13 {happened in Medvegy-Movsesian, Bundesliga
2004.}) ({Logical} 16. Bd3 {doesn't work due to} a4 17. Nc5 a3 18. b3 Nb2 $1)
16... a4 17. a3 f6 18. exf6 Nxf6 19. Qg3 e5 20. Bxc4+ bxc4 21. Qxe5 d6 22. Qf4
({Another try is} 22. Qg3 $5 Bf5 ({not sufficient is} 22... Nh5 $6 23. Qh4 dxc5
24. Qxh5 Bf5 25. Bc3 $16 {Perez Candelario-Saldano, Elgoibar 2004}) 23. Bxf6
Rxf6 24. Ne4 Rg6 25. Qf4 Rf8 26. Qd2 (26. g3 $2 Bg4) (26. Rhg1 c3) 26... Bxe4
27. fxe4 c3 $1 $11 {and black has solved the problems}) 22... Qc6 {'!'} ({
Bad is} 22... Nd5 $2 {due to} 23. Qe4 Qf7 24. Be5 $1 $16) ({I spend plenty of
time during the game evaluating the position after} 22... Ne8 23. Qe4 dxc5 24.
Qxa8 cxd4 25. Qd5+ Kh8 26. Qxd4 $14 {but decided to go for a safe drawish line}
) 23. Ne4 Nxe4 24. Qxe4 Qxe4 25. fxe4 Bb7 {'='} 26. Rhe1 Rae8 27. e5 dxe5 28.
Rxe5 Rxe5 29. Bxe5 Bxg2 30. Rd7 Rf7 31. Rd8+ Rf8 32. Rd7 Rf7 33. Rd8+ Rf8 34.
Rd4 Rf5 35. Rd8+ 1/2-1/2

[Event "Olympiad-35"]
[Site "Bled"]
[Date "2002.10.28"]
[Round "3.1"]
[White "Leko, Peter"]
[Black "Movsesian, Sergei"]
[Result "1/2-1/2"]
[WhiteElo "2743"]
[BlackElo "2651"]
[Annotator "Movsesian,S"]
[PlyCount "57"]
[EventDate "2002.10.26"]
[EventType "team-swiss"]
[EventRounds "14"]
[EventCountry "SLO"]
[SourceTitle "EXT 2003"]
[Source "ChessBase"]
[SourceDate "2002.11.25"]
[SourceVersion "1"]
[SourceVersionDate "2002.11.25"]
[SourceQuality "1"]
[WhiteTeam "Hungary"]
[BlackTeam "Slovakia"]
[WhiteTeamCountry "HUN"]
[BlackTeamCountry "SVK"]

1. e4 c5 2. Nf3 Nc6 3. d4 cxd4 4. Nxd4 Qc7 5. Nc3 e6 6. Be3 a6 7. Qd2 Nf6 8.
O-O-O b5 9. Bf4 Qb6 10. Nb3 Ng4 $5 {An interesting idea, which I found about a
week before the Olympiad. This game was a perfect chance to check it.} (10...
Bb4 11. f3 O-O 12. g4 Rd8 13. g5 Ne8 14. Kb1 $16 {Yemelin-Jakovenko, Russia
2002}) 11. f3 Nge5 12. Kb1 (12. Nd5 Qb8 {gives white nothing}) 12... d6 13. Be3
Qb7 $1 {Black queen is much more flexible here.} 14. h4 Rb8 15. Qf2 Bd7 {
There is no need to hurry to develop blacksquared bishop.} (15... Be7 16. Bg5 (
16. Qg3 $5) 16... f6 17. Bc1) 16. h5 Nc4 17. Bc1 Qb6 18. Qxb6 Nxb6 $11 {
This type of sicilian endgames are usually OK for black.} 19. Bf4 Ne5 20. Nc5
Bc8 21. a4 $6 {Overoptimistic.} (21. Nd3 f6 $11) 21... f6 $1 {Black simply
protects Ne5 one more time winning a pawn.} 22. Nb3 bxa4 23. Na5 Kf7 $15 24.
Ka2 Bd7 25. Be3 Be7 ({Probably} 25... d5 $5 {was the best try to punish white}
26. Bxb6 Rxb6 27. exd5 Bb4 28. Nc4 Nxc4 29. Bxc4 Bxc3 30. bxc3 Rc8 $15) 26.
Bxa6 Ra8 27. Bb7 Nbc4 28. Nxc4 Nxc4 29. Bxa8 1/2-1/2

[Event "ESP-chT Honor Gp1 49th"]
[Site "Merida"]
[Date "2005.08.27"]
[Round "4"]
[White "Socko, Bartosz"]
[Black "Volokitin, Andrei"]
[Result "1/2-1/2"]
[WhiteElo "2615"]
[BlackElo "2671"]
[Annotator "Mueller,Karsten"]
[PlyCount "156"]
[EventDate "2005.08.24"]
[EventType "team"]
[EventRounds "5"]
[EventCountry "ESP"]
[SourceTitle "CBM 109"]
[Source "ChessBase"]
[SourceDate "2005.11.14"]
[SourceVersion "1"]
[SourceVersionDate "2005.11.14"]
[SourceQuality "1"]

1. e4 c5 2. Nf3 e6 3. d4 cxd4 4. Nxd4 Nc6 5. Nc3 a6 6. Be2 Qc7 7. Be3 Nf6 8. a3
Be7 9. f4 d6 10. g4 Nxd4 11. Bxd4 e5 12. Be3 exf4 13. Bxf4 Be6 14. g5 Nd7 15.
Qd2 Ne5 16. O-O-O b5 17. Nd5 Bxd5 18. Qxd5 O-O 19. h4 Rac8 20. c3 Qc5 21. Qxc5
Rxc5 22. Kc2 Rc6 23. Rd5 f6 24. gxf6 Bxf6 25. Bg3 Re8 26. Rhd1 Nc4 27. Bxc4
Rxc4 28. Rxd6 Rcxe4 29. Rxa6 Bxh4 30. Bxh4 Rxh4 31. Ra7 g5 32. Rd5 g4 33. Rg5+
Kh8 34. Rag7 h5 35. R7g6 Kh7 36. Rg7+ Kh8 37. Rb7 Rg8 38. Rbxb5 Rxg5 39. Rxg5
Kh7 40. Kd3 Kh6 41. Rg8 Rh2 42. b4 Rg2 43. b5 h4 44. b6 g3 45. Rg4 Rb2 46.
Rxh4+ Kg5 47. Rb4 g2 48. b7 g1=Q $2 {There now follows a dramatic duel between
the major pieces. Nun folgt ein dramatisches Duell der Schwerfiguren.} (48...
Rxb4 {leads to a theoretical draw, which would in praxis still have offered
White some chances. führt zu einem theoretischen Remis, das Weiß in der Praxis
natürlich noch Chancen geboten hätte:} 49. axb4 (49. cxb4 g1=Q 50. b8=Q Qd1+
51. Kc4 Qc1+ 52. Kd5 Qxa3 $11 {[%cal Gg5h1]}) 49... g1=Q 50. b8=Q Qf1+ 51. Kd4
Qf2+ 52. Kc4 Qf1+ 53. Kc5 Qf5+ 54. Kc6 Qe4+ 55. Kb6 Qe6+ 56. Ka7 Qa2+ $11) 49.
b8=Q Qf1+ 50. Kd4 Rd2+ $2 (50... Qf2+ {was more accurate. After war genauer.
Nach} 51. Kc4 Qe2+ 52. Kc5 Qe3+ 53. Kb5 Qxc3 {it is not easy to find a win for
White, since ist es nicht leicht, einen Gewinn für Weiß zu finden, denn} 54.
Qd8+ Kg6 55. Qd5 Kg7 56. Qc5 {can be answered by Black with kann Schwarz noch
mit} Qf6 $1 {beantworten.} (56... Qd3+ $2 57. Kb6 Rb1 (57... Qg6+ 58. Ka5 Re2
59. Rb7+ $18) 58. Kc7 Qg3+ 59. Kc8 Qh3+ 60. Kb8 Rb3 (60... Rf1 61. Rb7+ Rf7 62.
a4 $18) 61. Qd4+ Kh7 62. Qe5 Qf3 63. Qc7+ $18)) 51. Kc5 Qf5+ 52. Kb6 Qf6+ 53.
Ka5 $2 (53. Kb5 Qf5+ 54. Ka6 Qe6+ 55. Ka5 Rd6 56. Qb7 {and White should go on
to win. und Weiß sollte sich durchsetzen.}) 53... Qxc3 54. Qg8+ Kf5 55. Qf7+
Kg5 56. Qf4+ Kg6 57. Kb6 (57. Qe4+ Kf6 58. Ka4 Qc2+ 59. Kb5 Qd3+ 60. Rc4 Rb2+
61. Kc6 Qxe4+ 62. Rxe4 Ra2 63. a4 Kf5 64. Kd5 Rd2+ 65. Rd4 Rxd4+ 66. Kxd4 Ke6
$11) 57... Qf6+ 58. Qxf6+ Kxf6 59. a4 Ke6 $1 {[%mdl 4096]} (59... Ke7 $2 60. a5
Rd6+ 61. Ka7 {and ...Rd7+ is not playable. und ...Td7+ ist nicht spielbar.}) (
59... Ke5 $2 60. a5 Rd6+ 61. Kc7 Ra6 62. Ra4 $18) 60. a5 Rd6+ 61. Kc7 Rd7+ 62.
Kc6 Rd6+ 63. Kb7 Rd7+ 64. Kb8 Rd8+ 65. Ka7 Rd7+ 66. Rb7 Rd1 67. a6 Kd6 $1 68.
Rb2 Kc7 69. Rc2+ Kd7 70. Ka8 Rb1 71. Rh2 Kc7 72. Rh7+ Kc8 73. Rb7 Ra1 74. Ka7
Ra2 75. Rb5 Rc2 76. Ka8 Rc6 77. a7 Rc1 78. Rc5+ Rxc5 1/2-1/2

[Event "Kemerovo2"]
[Site "Kemerovo"]
[Date "1995.??.??"]
[Round "8"]
[White "Isupov, Vladimir"]
[Black "Nevostrujev, Vladimir"]
[Result "0-1"]
[WhiteElo "2380"]
[BlackElo "2410"]
[Annotator "Nikitin,A"]
[PlyCount "54"]
[EventDate "1995.08.??"]
[EventType "tourn"]
[EventRounds "13"]
[EventCountry "RUS"]
[EventCategory "6"]
[SourceTitle "CBM 049 Extra"]
[Source "ChessBase"]
[SourceDate "1996.01.01"]
[SourceVersion "1"]
[SourceVersionDate "1996.01.01"]
[SourceQuality "1"]

1. e4 c5 2. Nf3 Nc6 3. d4 cxd4 4. Nxd4 Qc7 5. Nc3 e6 6. Be3 Nf6 7. Bd3 a6 8. f4
$6 (8. O-O) 8... Nxd4 9. Bxd4 Qxf4 10. g3 (10. Qe2 d6 11. g3 Qg4 12. Qxg4 Nxg4
13. Na4 e5 (13... Ne5 14. Bxe5 dxe5 15. Nb6 Rb8 16. Nxc8 Rxc8 17. a4 $15) 14.
Nb6 Rb8 15. Bg1 Be6 16. c4 Nf6 $17 {Das,H-Grupta,R/Calcutta/1994/}) 10... Qc7
11. e5 Bc5 $1 12. Be2 $1 (12. Bxa6 $2 Rxa6 13. exf6 Rd6 14. fxg7 Rg8 15. Nb5
Qa5+ $19) 12... Nd5 13. Nxd5 exd5 14. Qd2 Bxd4 15. Qxd4 O-O (15... Qxc2 $6 16.
Bd3 Qc6 17. O-O O-O 18. Rf6 $1 d6 19. Rxd6 Qc7 20. Qxd5 Be6 21. Qd4 $16) 16.
O-O-O Re8 17. Bf3 Rxe5 18. Bxd5 d6 19. Bb3 Bh3 (19... Be6 20. Qxd6 Qxd6 21.
Rxd6 Bxb3 22. axb3 Rae8 23. Rd7 R5e7 24. Rhd1 Kf8 $10) 20. Qxd6 Qxd6 21. Rxd6
Rae8 22. Rhd1 (22. Bc4 Bg2 23. Rg1 Bc6 24. Rf1 Re1+ $10) 22... Bg4 23. R1d4 Bh5
24. Bc4 Re1+ 25. Kd2 Rh1 26. h4 Rg1 27. Rd8 $4 (27. Rd3 Rg2+ 28. Kc3 Bg6 29.
Rd8 (29. Rf3 $1 Rxc2+ 30. Kb3 Rc1 31. Rxg6 Rxc4 32. Rxg7+ Kxg7 33. Kxc4 $10)
29... Rf8 $1) 27... Rd1+ 0-1

[Event "Noyabrsk"]
[Site "Noyabrsk"]
[Date "1995.??.??"]
[Round "5"]
[White "Zagrebelny, Sergey"]
[Black "Landa, Konstantin"]
[Result "0-1"]
[WhiteElo "2510"]
[BlackElo "2500"]
[Annotator "Notkin,M"]
[PlyCount "82"]
[EventDate "1995.05.??"]
[EventType "tourn"]
[EventRounds "11"]
[EventCountry "RUS"]
[EventCategory "10"]
[SourceTitle "CBM 048"]
[Source "ChessBase"]
[SourceDate "1995.10.01"]
[SourceVersion "1"]
[SourceVersionDate "1995.10.01"]
[SourceQuality "1"]

1. e4 {King Ribli} c5 2. Nf3 e6 3. Nc3 Nc6 4. d4 cxd4 5. Nxd4 Qc7 6. Be3 a6 7.
Qd2 Nf6 (7... b5 8. Nxc6 Qxc6 9. Bd3 Nf6 $6 (9... Bb7 $5) 10. e5 b4 11. exf6
bxc3 12. Qxc3 Qxc3+ 13. bxc3 gxf6 14. Rb1 Bd6 15. Kd2 Ke7 $14 {Frolov,A-Landa,
K/Jurmala/1989/1:0/35/}) 8. f3 Nxd4 {Ribli Schwarz versucht eine neue Idee zu
pruefen.} (8... Ne5 9. O-O-O Bb4 10. Nb3 b5 11. Bd4 h6 12. Kb1 Nc4 13. Qf2 O-O
$10 {Anand,V-Portisch,L/Biel/1993/0,5/57/}) (8... b5 9. Nxc6 dxc6 10. O-O-O e5
11. g4 Be6 12. g5 Nh5 13. Qf2 Be7 14. h4 Nf4 15. Kb1 O-O $13 {Frolov,
A-Miladinovic,I/Moscow/1994/0,5/43/}) (8... d5 9. exd5 Nxd5 10. Nxd5 exd5 11.
O-O-O Bd6 12. Kb1 O-O 13. h4 Re8 14. h5 h6 $13 {Short,N-Zvjaginsev,V/Moscow
olm/1994/0,5/53/}) 9. Qxd4 (9. Bxd4 e5 (9... Bd6 $2 10. Qg5) 10. Bf2 (10. Be3 {
Ribli} Bb4 11. O-O-O d6 12. Kb1 Bxc3 13. Qxc3 Qxc3 14. bxc3 Ke7 $13) 10... Bb4
11. O-O-O d6 (11... b5 $32) 12. Be1 Be6 13. a3 Bxc3 14. Qxc3 Qxc3 15. Bxc3 $16
{Mueller,K-Roese,O/GER/1989/0,5/25/}) 9... Bd6 10. O-O-O Be5 (10... Bxh2 11.
Rxh2 $5 (11. g4 $44 {Ribli}) 11... Qxh2 12. e5 $44) 11. Qb4 $1 {Droht /\ Bb6.}
(11. Qd2 b5 12. Bd3 Bb7 13. Ne2 d5 $15) (11. Qb6 Qxb6 12. Bxb6 d6 $10) 11... b5
(11... Bxh2 {Ribli} 12. Bb6 Bf4+ 13. Kb1 Qc6 14. g4 $44) 12. a4 bxa4 13. Nxa4 (
13. Nxa4 d6 $6 (13... d5 $5 14. Bd4 $1 Bxd4 (14... Bd6 15. Qc3 $1 $16) 15. Rxd4
e5 16. Rd3 Rb8 17. Qc5 $14) 14. f4 $6 (14. Kb1 {/\f4/}) 14... Ng4) 13... Rb8
14. Qa3 Bb7 (14... d6 $2 15. f4) (14... d5 15. exd5 Nxd5 16. Bc5 Bd7 17. Bc4
Bxa4 18. Qxa4+ Qd7 19. Qxd7+ Kxd7 20. Bd4 $14) 15. Bb6 (15. Bd3 Bc6 16. Nc3 d6
$15) 15... Qc6 (15... Qc8 $2 16. Ba7 Ra8 17. Nb6) 16. Kb1 Rc8 17. c4 d6 18. Bd4
(18. c5 {Ribli} d5 $13) 18... Bxd4 (18... O-O 19. Bxe5 dxe5 20. Rd6 (20. c5 $14
{Ribli}) 20... Qc7 21. Be2 $14) 19. Rxd4 Rd8 20. Be2 O-O 21. Rhd1 d5 22. e5 (
22. cxd5 exd5 23. exd5 Rxd5 24. Nc3 Rxd4 25. Rxd4 h6 $10) (22. Nc3 $5 Qc7 23.
cxd5 exd5 24. exd5 Qxh2 25. Bf1 Rd6 26. R4d2 $13) 22... Nd7 23. f4 (23. cxd5
exd5 {/\Qg6/} (23... exd5 {Ribli} 24. Qd6 $5 (24. Rxd5 $2 Qg6+ 25. Bd3 Qxg2 $17
) 24... Nxe5 $1 25. Qxc6 (25. Qxe5 Rde8 $17) 25... Bxc6 26. Nc3 $44)) 23... Rc8
{Ribli Dieser aktive Zug gibt Schwarz einiges Gegenspiel auf der c-Linie.} (
23... dxc4 $2 24. Bf3 $18) 24. Bf3 Nb6 {Was sonst!} 25. Nxb6 Qxb6 26. cxd5 Bxd5
27. Bxd5 exd5 28. Qd6 $1 (28. Rxd5 Qg6+ (28... Qf2 $44 {Ribli})) 28... Qb3 29.
Qxd5 Qc2+ 30. Ka1 Rc5 31. Qa2 Qxg2 $2 {[#]} (31... h6 32. Qa3 $16) 32. e6 $1
Rc7 (32... fxe6 33. Qxe6+ Kh8 34. Rd8 $18) (32... Rcc8 33. e7 Rfe8 34. Rd8 Qe2
35. Qa3 $18) (32... Qb7 33. Rd7 Rc7 34. exf7+ Kh8 35. Qa3 $18) 33. Rd7 $2 (33.
Rd8 Qe2 (33... h6 34. e7 Rxe7 35. Rxf8+ Kxf8 36. Rd8+ Re8 37. Qa3+ $18) (33...
g6 34. Qa3 Rxd8 35. Rxd8+ Kg7 36. Qf8+ Kf6 37. Qh8+ Ke7 $8 38. Re8+ Kd6 39.
Qd4+ Kc6 40. exf7 $18) 34. Qa3 Rc1+ 35. Rxc1 Rxd8 36. Qe7 $18) (33. Rd8 $5 {
Ribli Droht /\ Qa3.}) 33... Qc2 $1 (33... Rxd7 {Ribli} 34. exd7 Rd8 35. Qa5 Qa8
36. Qc7 $18) 34. exf7+ Kh8 35. Qa3 (35. Rd8 Qc1+ 36. Qb1 Qxb1+ 37. Kxb1 Rcxf7
$10) 35... Rcc8 {Ribli Weiss hat einen starken Freibauern und gute Stellung,
trotzdem wird er in zwei Zuege die Partie verlieren. Unglaublich!} 36. Qb4 (36.
Rd8 Rcxd8 37. Rxd8 Qc1+ 38. Ka2 Qc4+ 39. Kb1 Qf1+ $10) (36. R1d4 $5 {Ribli}
Qxh2 $2 37. Rd8 $18) 36... h6 37. Qd4 $4 {Weiss hat den einzigen Verlustzug
"gefunden".} (37. Rd8 Rcxd8 38. Rxd8 Rxd8 39. f8=Q+ Rxf8 40. Qxf8+ $10) 37...
Rc4 {King White's past finally captures up with him, but even with his K
exposed, he shouldn't have lost this game. His central control should have
been strong enough to prevent this catastrophe.} 38. Rd8 Ra4+ 39. Qxa4 Qxa4+
40. Kb1 Qe4+ 41. Ka1 Qe7 {In der Zeitnot kann alles passieren.} 0-1

[Event "EU-chT (Men) 17th"]
[Site "Novi Sad"]
[Date "2009.10.29"]
[Round "8"]
[White "Solak, Dragan"]
[Black "Pelletier, Yannick"]
[Result "1/2-1/2"]
[WhiteElo "2590"]
[BlackElo "2589"]
[Annotator "Pelletier,Y"]
[PlyCount "66"]
[EventDate "2009.10.22"]
[EventType "team-swiss"]
[EventRounds "9"]
[EventCountry "YUG"]
[SourceTitle "CBM 134"]
[Source "ChessBase"]
[SourceDate "2010.01.18"]
[SourceVersion "1"]
[SourceVersionDate "2010.01.18"]
[SourceQuality "1"]
[WhiteTeam "Serbia"]
[BlackTeam "Switzerland"]
[WhiteTeamCountry "YUG"]
[BlackTeamCountry "SUI"]

1. e4 c5 2. Nf3 e6 3. d4 cxd4 4. Nxd4 Nc6 5. Nc3 Qc7 6. Be3 a6 7. Bd3 Nf6 8.
O-O Nxd4 9. Bxd4 Bc5 10. Bxc5 Qxc5 11. Qd2 d6 12. Rae1 e5 13. Re3 Be6 14. Rg3
h6 $5 {[%cal Gf6h5]} ({In meiner Vorbereitung war ich auf die Partie
Solak-Ivanisevic gestoßen, wo Schwarz nach} 14... Nh5 15. Rg5 g6 16. Rxh5 gxh5
17. Qg5 Kd7 {anscheinend verdient gewonnen hatte. Deshalb hatte ich über diese
Variante keine weitere Zeit verloren. Dass mein Gegner seine 14 ersten Züge
aber blitzartig rausspuckte, half mir wohl, die Gefahr zu spüren. Weiß hat
sehr gute Kompensation für die Qualität, weil Schwarz über keine aktiven
Möglichkeiten verfügt. Der Textzug verbessert daher die schwarze Spielweise.})
15. Be2 {Das hatte ich auch erwartet. Weiß verhindert Nh5 und bereitet den
eventuellen Turmschwenk auf die d-Linie vor.} (15. Nd5 {funktioniert schlecht
wegen} Nxd5 (15... Nh5 16. b4) 16. exd5 Qxd5 {[%cal Ge5e4]} 17. c4 Qd4) 15...
Kf8 (15... Rg8 {war eine vollwertige Alternative.}) 16. Kh1 (16. Rd1 Rd8 17.
Rd3 Ke7 {[%cal Gd8d7,Gh8d8] ist nicht schlimm.}) 16... Rd8 17. f4 exf4 ({
Wünschenswert wäre der natürliche Zug} 17... Kg8 {, aber mir gefiel nicht,
dass Weiß} 18. f5 Bd7 19. Rd3 Bc6 20. Bf3 {[%cal Gg2g4] spielt.}) 18. Qxf4 Qe5
19. Qe3 Kg8 20. Bd3 Kh7 21. Nd5 ({Als ich meinen letzten Zug rasch ausführte,
erschrak ich plötzlich vor} 21. Rxf6 gxf6 22. Nd5 {Die Drohung 23.Nxf6 sieht
tödlich aus, aber Schwarz verfügt noch über} Bf5 $1 {, was die Stellung knapp
im Gleichgewicht hält:} 23. Qf3 Bg6 24. Nxf6+ Kg7 25. Nh5+ Kh7 26. Rxg6 $5 Kxg6
$8 27. Qg4+ Qg5 28. e5+ f5 29. exf6+ Kf7 30. Qc4+ Kf8 $8 31. Nf4 Qxf6 32. Ng6+
Kg7 33. Qc7+ Qf7 34. Qc3+ Qf6 35. Qc7+ Qf7 $11) 21... Nd7 22. b4 Rhf8 {Schwarz
braucht nur noch einen Sicherheitszug mit seinem König, damit seine Stellung
endlich vollentwickelt ist. Weiß versucht daher ein dynamisches Abenteuer am
Damenflügel.} 23. Qa7 (23. c4 $142 Kh8 $11) 23... Rb8 24. c4 Kh8 25. a4 Qb2 ({
Gut möglich war auch} 25... Bxd5 26. exd5 Qc3 $1 $132) 26. Rb1 Qd2 27. Qd4 Ne5
$1 {Nur den Computer überrascht es nicht, dass Schwarz bereits besser steht!}
28. c5 f6 29. cxd6 {Dieser Mehrbauer wird nicht überleben.} Rbd8 (29... Rbc8 $5
$15 {[%cal Gf8d8]}) 30. Nb6 (30. Ne7 Rd7 $15) 30... Nc6 $2 ({Hier willigte ich
logischerweise in die Punkteteilung durch Zugwiederholung ein. Welch meine
Überraschung, als ich später merkte, dass der Computer einen klaren schwarzen
Vorteil mittels} 30... Rf7 $1 $17 {[%cal Gf7c7] sofort findet! Weiß kann seine
Stellung nicht wesentlich verbessern, während Schwarz einfach Rc7-c6/c1 plant.}
) 31. Qc5 Ne5 32. Qd4 Nc6 $2 33. Qc5 Ne5 1/2-1/2